Soviet and Eastern European Foreign Trade

محفوظ في:

التنسيق: دورية

اللغة: Undetermined

منشور في: JSTOR
Taylor & Francis, Ltd.

الموضوعات:

الوصول للمادة أونلاين: Login to view Source

الوسوم: إضافة وسم

لا توجد وسوم, كن أول من يضع وسما على هذه التسجيلة!

رقم الطلب:

LEADER 00592nas a2200193Ia 4500
008 220214c99999999xx |||||||||||| ||und||
022 |a 0038-5263 
245 0 0 |a Soviet and Eastern European Foreign Trade 
264 1 |b JSTOR 
264 1 |b Taylor & Francis, Ltd. 
362 0 |a Vol. 3(1967)-27 (1991) 
653 1 0 |a Business & Economics 
653 1 0 |a Development Studies 
653 1 0 |a Economics 
653 1 0 |a Finance 
856 4 0 |u https://www.jstor.org/journal/soveaseurfortra 
942 |c JL 
952 |0 0  |1 0  |4 0  |7 1  |9 37300  |a JSR  |b JSR  |d 2022-02-14  |l 0  |r 2022-02-14 00:00:00  |w 2022-02-14  |y JL 
999 |c 45631  |d 45631